1369 1086 1572 1477 1814 1336 1961 1403 1473 1156 1957 1706 1840 1842 1835 1197 1962 1564 1220 1665 1771 1113 1031 1751 1094 1137 1210 1807 1341 1266 1834 1379 1748 1329 1985 1001 1995 1487 1632 1530 1144 1776 1511 1405 1229 1027 1134 1858 1350 1851 1180 1089 1968 1200 1814 1324 1398 1313 1682 1761 1389 1975 1195 1407 1019 1880 1110 1375 1546 1677 1306 1318 1100 1613 1350 1694 1162 1264 1501 1903 1930 1720 1753 1117 1670 1659 1794 1680 1610 1677 1665 1700 1038 1184 1636 1058 1871 1604 1874 BCNSPRNW ULIB Ver.6.0+V

เปลี่ยนเป็นภาษาไทย

Change to English
 แสดงรายละเอียดบรรณานุกรม
  กลับหน้าหลัก

Brief Record : Get Marc (ISO 2709) : E-mail record : QR code < ปิดหน้าต่าง
LEADER : 00000nam 2200000uu 4500
001    13399121545
003     ULIB
008    121122s2548||||th 000 0 tha d
020    ^a9749508351
060 04 ^aWW100^bต367
245 00 ^aตำราจักษุวิทยา /^cโดย สาขาวิชาจักษุวิทยา คณะแพทยศาสตร์มหาวิทยาลัยธรรมศาสตร์ ; บรรณาธิการ, ศักดิ์ชัย วงศกิตติรักษ์, โกศล คำพิทักษ์
250    ^aพิมพ์ครั้งที่ 1
260    ^aกรุงเทพฯ :^bหมอชาวบ้าน,^c2548
300    ^a(4), 175 หน้า :^bภาพประกอบ (สีบางภาพ) ;^c27 ซม.
504    ^aบรรณานุกรม
650  2 ^aOphthalmology
650  7 ^aจักษุวิทยา
700 0  ^aศักดิ์ชัย วงศกิตติรักษ์,^eบรรณาธิการ
700 0  ^aโกศล คำพิทักษ์,^eบรรณาธิการ
710 2  ^aมหาวิทยาลัยธรรมศาสตร์. ^bคณะแพทยศาสตร์.^bสาขาวิชาจักษุวิทยา.
945    ^p300^l0^i24732
945    ^p300^l0^i24027
995    ^aวิภา
999 ^a ใช้งานได้ทุกระบบ
รายการนี้ยังไม่มีแท็ก
คุณยังไม่ได้ล็อกอิน คุณสามารถมีกิจกรรมร่วมกับเว็บไซต์ได้ แต่ต้องล็อกอินก่อน ::
  ล็อกอิน

รายการสื่อสารสนเทศ

ลำดับที่ ประเภท เลขเรียก/บาร์โค้ด สถานที่ สถานะ
1. วิทยาศาสตร์การแพทย์ และสุขภาพ
วิทยาศาสตร์การแพทย์ และสุขภาพ
WW100 ต367  
  Barcode: 24732
ห้องสมุดวิทยาเขตสวรรค์ประชารักษ์
►ส่วนจัดเก็บหนังสือเก่า สปร
บนชั้น
  ขอยืม
2. วิทยาศาสตร์การแพทย์ และสุขภาพ
วิทยาศาสตร์การแพทย์ และสุขภาพ
WW100 ต367 ฉ.2 
  Barcode: 24027
ห้องสมุดวิทยาเขตสวรรค์ประชารักษ์
►ส่วนจัดเก็บหนังสือเก่า สปร
บนชั้น
  ขอยืม

รายการใกล้เคียง
    หัวเรื่อง [Ophthalmology]
    หัวเรื่อง [จักษุวิทยา]

BibComment


ยังไม่เคยถูกคอมเมนท์

คอมเมนท์ทรัพยากรรายการนี้
  คอมเมนท์: ตำราจักษุวิทยา ..


 Copyright 2026. Bcnsprnw @Library